Jetpunk Country Name Different From UN Official Short Country Name - Statistics

General Stats
  • This quiz has been taken 43 times
  • The average score is 3 of 6
Answer Stats
UN official name Jetpunk name % Correct
Democratic People’s Republic of Korea North Korea
61%
Republic of Korea South Korea
58%
Congo Republic of the Congo
45%
Myanmar Burma
42%
Timor-Leste East Timor
36%
Holy See Vatican City
9%
No matching quizzes found
Score Distribution
Percent of People with Each Score
Percentile by Number Answered
Your Score History
You have not taken this quiz